<?xml version="1.0" encoding="UTF-8"?>
<record
    xmlns:xsi="http://www.w3.org/2001/XMLSchema-instance"
    xsi:schemaLocation="http://www.loc.gov/MARC21/slim http://www.loc.gov/standards/marcxml/schema/MARC21slim.xsd"
    xmlns="http://www.loc.gov/MARC21/slim">

  <leader>00966nam a2200265Ia 4500</leader>
  <controlfield tag="005">20150311151624.0</controlfield>
  <datafield tag="010" ind1=" " ind2=" ">
    <subfield code="a">BAC-EN21     ENG-111923</subfield>
  </datafield>
  <datafield tag="020" ind1=" " ind2=" ">
    <subfield code="a">9788126521227</subfield>
    <subfield code="c">649.00</subfield>
  </datafield>
  <datafield tag="035" ind1=" " ind2=" ">
    <subfield code="a">EN-95455</subfield>
  </datafield>
  <datafield tag="035" ind1=" " ind2=" ">
    <subfield code="a">B-584742-756</subfield>
  </datafield>
  <datafield tag="037" ind1=" " ind2=" ">
    <subfield code="b">Asian Book Centre/Ven</subfield>
    <subfield code="a">dpl</subfield>
  </datafield>
  <datafield tag="037" ind1=" " ind2=" ">
    <subfield code="b">DBAD/PUB</subfield>
  </datafield>
  <datafield tag="082" ind1=" " ind2=" ">
    <subfield code="a">006.78</subfield>
  </datafield>
  <datafield tag="245" ind1=" " ind2=" ">
    <subfield code="a">Beginning PHP6, Apache, MySQL Web development /</subfield>
    <subfield code="c">by Timothy Boronczyk...[et al]</subfield>
  </datafield>
  <datafield tag="260" ind1=" " ind2=" ">
    <subfield code="c">2014(repr.)</subfield>
    <subfield code="a">New Delhi</subfield>
    <subfield code="b">John Wiley</subfield>
  </datafield>
  <datafield tag="270" ind1=" " ind2=" ">
    <subfield code="a">4435-36/7, Ansari Road, Daryaganj</subfield>
    <subfield code="b">New Delhi</subfield>
    <subfield code="e">110002</subfield>
  </datafield>
  <datafield tag="300" ind1=" " ind2=" ">
    <subfield code="c">24cm(pbk)</subfield>
    <subfield code="a">xxvii,807p. :</subfield>
    <subfield code="b">ill.</subfield>
  </datafield>
  <datafield tag="500" ind1=" " ind2=" ">
    <subfield code="a">Includes Index "Wrox programmer to programmer"--Cover.</subfield>
  </datafield>
  <datafield tag="500" ind1=" " ind2=" ">
    <subfield code="a">Includes Index</subfield>
  </datafield>
  <datafield tag="650" ind1=" " ind2=" ">
    <subfield code="a">Web sites</subfield>
    <subfield code="x">Design</subfield>
  </datafield>
  <datafield tag="650" ind1=" " ind2=" ">
    <subfield code="a">PHP (Computer program language)</subfield>
  </datafield>
  <datafield tag="700" ind1=" " ind2=" ">
    <subfield code="a">Boronczyk, Timothy</subfield>
  </datafield>
  <datafield tag="942" ind1=" " ind2=" ">
    <subfield code="c">EN</subfield>
    <subfield code="2">ddc</subfield>
    <subfield code="m">BEG</subfield>
    <subfield code="h">006.78</subfield>
  </datafield>
  <datafield tag="999" ind1=" " ind2=" ">
    <subfield code="c">88036</subfield>
    <subfield code="d">88036</subfield>
  </datafield>
  <datafield tag="952" ind1=" " ind2=" ">
    <subfield code="0">0</subfield>
    <subfield code="1">0</subfield>
    <subfield code="4">0</subfield>
    <subfield code="7">1</subfield>
    <subfield code="8">NFIC</subfield>
    <subfield code="a">DBAD</subfield>
    <subfield code="b">DBAD</subfield>
    <subfield code="d">2015-01-28</subfield>
    <subfield code="e">DBAD/PUB</subfield>
    <subfield code="g">649.00</subfield>
    <subfield code="l">0</subfield>
    <subfield code="o">006.78 BEG</subfield>
    <subfield code="p">EN-95455</subfield>
    <subfield code="r">2015-01-28 00:00:00</subfield>
    <subfield code="t">1</subfield>
    <subfield code="v">649.00</subfield>
    <subfield code="y">EN</subfield>
  </datafield>
  <datafield tag="952" ind1=" " ind2=" ">
    <subfield code="0">0</subfield>
    <subfield code="1">0</subfield>
    <subfield code="4">0</subfield>
    <subfield code="7">0</subfield>
    <subfield code="8">NFIC</subfield>
    <subfield code="a">L</subfield>
    <subfield code="b">L</subfield>
    <subfield code="d">2015-03-11</subfield>
    <subfield code="e">ABC/IN4456/13.12.2014/168/08.12.2014/30.12.2014</subfield>
    <subfield code="g">649.00</subfield>
    <subfield code="l">25</subfield>
    <subfield code="m">7</subfield>
    <subfield code="o">006.78 BEG</subfield>
    <subfield code="p">B-584742</subfield>
    <subfield code="r">2026-01-02 00:00:00</subfield>
    <subfield code="s">2025-12-26</subfield>
    <subfield code="t">1</subfield>
    <subfield code="v">649.00</subfield>
    <subfield code="w">2015-03-11</subfield>
    <subfield code="y">EN</subfield>
  </datafield>
  <datafield tag="952" ind1=" " ind2=" ">
    <subfield code="0">0</subfield>
    <subfield code="1">0</subfield>
    <subfield code="4">0</subfield>
    <subfield code="7">1</subfield>
    <subfield code="8">REF</subfield>
    <subfield code="a">L</subfield>
    <subfield code="b">L</subfield>
    <subfield code="d">2015-03-11</subfield>
    <subfield code="e">ABC/IN4456/13.12.2014/168/08.12.2014/30.12.2014</subfield>
    <subfield code="g">649.00</subfield>
    <subfield code="l">0</subfield>
    <subfield code="o">006.78 BEG</subfield>
    <subfield code="p">B-584743</subfield>
    <subfield code="r">2015-03-11 00:00:00</subfield>
    <subfield code="t">1</subfield>
    <subfield code="v">649.00</subfield>
    <subfield code="y">EN</subfield>
  </datafield>
  <datafield tag="952" ind1=" " ind2=" ">
    <subfield code="0">0</subfield>
    <subfield code="1">0</subfield>
    <subfield code="4">0</subfield>
    <subfield code="7">0</subfield>
    <subfield code="8">NFIC</subfield>
    <subfield code="a">BL1</subfield>
    <subfield code="b">BL1</subfield>
    <subfield code="d">2015-03-11</subfield>
    <subfield code="e">ABC/IN4456/13.12.2014/168/08.12.2014/30.12.2014</subfield>
    <subfield code="g">649.00</subfield>
    <subfield code="l">0</subfield>
    <subfield code="o">006.78 BEG</subfield>
    <subfield code="p">B-584744</subfield>
    <subfield code="r">2015-03-11 00:00:00</subfield>
    <subfield code="t">1</subfield>
    <subfield code="v">649.00</subfield>
    <subfield code="y">EN</subfield>
  </datafield>
  <datafield tag="952" ind1=" " ind2=" ">
    <subfield code="0">0</subfield>
    <subfield code="1">0</subfield>
    <subfield code="4">0</subfield>
    <subfield code="7">0</subfield>
    <subfield code="8">NFIC</subfield>
    <subfield code="a">KGM</subfield>
    <subfield code="b">KGM</subfield>
    <subfield code="d">2015-03-11</subfield>
    <subfield code="e">ABC/IN4456/13.12.2014/168/08.12.2014/30.12.2014</subfield>
    <subfield code="g">649.00</subfield>
    <subfield code="l">0</subfield>
    <subfield code="o">006.78 BEG</subfield>
    <subfield code="p">B-584745</subfield>
    <subfield code="r">2015-03-11 00:00:00</subfield>
    <subfield code="t">1</subfield>
    <subfield code="v">649.00</subfield>
    <subfield code="y">EN</subfield>
  </datafield>
  <datafield tag="952" ind1=" " ind2=" ">
    <subfield code="0">0</subfield>
    <subfield code="1">0</subfield>
    <subfield code="4">0</subfield>
    <subfield code="7">0</subfield>
    <subfield code="8">NFIC</subfield>
    <subfield code="a">PR</subfield>
    <subfield code="b">PR</subfield>
    <subfield code="d">2015-03-11</subfield>
    <subfield code="e">ABC/IN4456/13.12.2014/168/08.12.2014/30.12.2014</subfield>
    <subfield code="g">649.00</subfield>
    <subfield code="l">0</subfield>
    <subfield code="o">006.78 BEG</subfield>
    <subfield code="p">B-584746</subfield>
    <subfield code="r">2015-03-11 00:00:00</subfield>
    <subfield code="t">1</subfield>
    <subfield code="v">649.00</subfield>
    <subfield code="y">EN</subfield>
  </datafield>
  <datafield tag="952" ind1=" " ind2=" ">
    <subfield code="0">0</subfield>
    <subfield code="1">0</subfield>
    <subfield code="4">0</subfield>
    <subfield code="7">0</subfield>
    <subfield code="8">NFIC</subfield>
    <subfield code="a">TN</subfield>
    <subfield code="b">TN</subfield>
    <subfield code="d">2015-03-11</subfield>
    <subfield code="e">ABC/IN4456/13.12.2014/168/08.12.2014/30.12.2014</subfield>
    <subfield code="g">649.00</subfield>
    <subfield code="l">5</subfield>
    <subfield code="m">1</subfield>
    <subfield code="o">006.78 BEG</subfield>
    <subfield code="p">B-584747</subfield>
    <subfield code="r">2024-05-30 00:00:00</subfield>
    <subfield code="s">2024-05-21</subfield>
    <subfield code="t">1</subfield>
    <subfield code="v">649.00</subfield>
    <subfield code="y">EN</subfield>
  </datafield>
  <datafield tag="952" ind1=" " ind2=" ">
    <subfield code="0">0</subfield>
    <subfield code="1">0</subfield>
    <subfield code="4">0</subfield>
    <subfield code="7">0</subfield>
    <subfield code="8">NFIC</subfield>
    <subfield code="a">CJ</subfield>
    <subfield code="b">CJ</subfield>
    <subfield code="d">2015-03-11</subfield>
    <subfield code="e">ABC/IN4456/13.12.2014/168/08.12.2014/30.12.2014</subfield>
    <subfield code="g">649.00</subfield>
    <subfield code="l">0</subfield>
    <subfield code="o">006.78 BEG</subfield>
    <subfield code="p">B-584748</subfield>
    <subfield code="r">2015-03-11 00:00:00</subfield>
    <subfield code="t">1</subfield>
    <subfield code="v">649.00</subfield>
    <subfield code="y">EN</subfield>
  </datafield>
  <datafield tag="952" ind1=" " ind2=" ">
    <subfield code="0">0</subfield>
    <subfield code="1">0</subfield>
    <subfield code="4">0</subfield>
    <subfield code="7">0</subfield>
    <subfield code="8">NFIC</subfield>
    <subfield code="a">DIZ</subfield>
    <subfield code="b">DIZ</subfield>
    <subfield code="d">2015-03-11</subfield>
    <subfield code="e">ABC/IN4456/13.12.2014/168/08.12.2014/30.12.2014</subfield>
    <subfield code="g">649.00</subfield>
    <subfield code="l">0</subfield>
    <subfield code="o">006.78 BEG</subfield>
    <subfield code="p">B-584749</subfield>
    <subfield code="r">2015-03-11 00:00:00</subfield>
    <subfield code="t">1</subfield>
    <subfield code="v">649.00</subfield>
    <subfield code="y">EN</subfield>
  </datafield>
  <datafield tag="952" ind1=" " ind2=" ">
    <subfield code="0">0</subfield>
    <subfield code="1">0</subfield>
    <subfield code="4">0</subfield>
    <subfield code="7">0</subfield>
    <subfield code="8">NFIC</subfield>
    <subfield code="a">JP</subfield>
    <subfield code="b">JP</subfield>
    <subfield code="d">2015-03-11</subfield>
    <subfield code="e">ABC/IN4456/13.12.2014/168/08.12.2014/30.12.2014</subfield>
    <subfield code="g">649.00</subfield>
    <subfield code="l">34</subfield>
    <subfield code="m">7</subfield>
    <subfield code="o">006.78 BEG</subfield>
    <subfield code="p">B-584750</subfield>
    <subfield code="r">2024-08-17 00:00:00</subfield>
    <subfield code="s">2024-08-05</subfield>
    <subfield code="t">1</subfield>
    <subfield code="v">649.00</subfield>
    <subfield code="y">EN</subfield>
  </datafield>
  <datafield tag="952" ind1=" " ind2=" ">
    <subfield code="0">0</subfield>
    <subfield code="1">0</subfield>
    <subfield code="4">0</subfield>
    <subfield code="7">0</subfield>
    <subfield code="8">NFIC</subfield>
    <subfield code="a">ZLS</subfield>
    <subfield code="b">ZLS</subfield>
    <subfield code="d">2015-03-11</subfield>
    <subfield code="e">ABC/IN4456/13.12.2014/168/08.12.2014/30.12.2014</subfield>
    <subfield code="g">649.00</subfield>
    <subfield code="l">8</subfield>
    <subfield code="m">5</subfield>
    <subfield code="o">006.78 BEG</subfield>
    <subfield code="p">B-584751</subfield>
    <subfield code="r">2026-05-14 15:15:09</subfield>
    <subfield code="s">2026-04-13</subfield>
    <subfield code="t">1</subfield>
    <subfield code="v">649.00</subfield>
    <subfield code="y">EN</subfield>
  </datafield>
  <datafield tag="952" ind1=" " ind2=" ">
    <subfield code="0">0</subfield>
    <subfield code="1">0</subfield>
    <subfield code="4">0</subfield>
    <subfield code="7">0</subfield>
    <subfield code="8">NFIC</subfield>
    <subfield code="a">BN</subfield>
    <subfield code="b">BN</subfield>
    <subfield code="d">2015-03-11</subfield>
    <subfield code="e">ABC/IN4456/13.12.2014/168/08.12.2014/30.12.2014</subfield>
    <subfield code="g">649.00</subfield>
    <subfield code="l">4</subfield>
    <subfield code="m">1</subfield>
    <subfield code="o">006.78 BEG</subfield>
    <subfield code="p">B-584752</subfield>
    <subfield code="r">2025-03-19 00:00:00</subfield>
    <subfield code="s">2022-10-29</subfield>
    <subfield code="t">1</subfield>
    <subfield code="v">649.00</subfield>
    <subfield code="y">EN</subfield>
  </datafield>
  <datafield tag="952" ind1=" " ind2=" ">
    <subfield code="0">0</subfield>
    <subfield code="1">0</subfield>
    <subfield code="4">0</subfield>
    <subfield code="7">0</subfield>
    <subfield code="8">NFIC</subfield>
    <subfield code="a">NR</subfield>
    <subfield code="b">NR</subfield>
    <subfield code="d">2015-03-11</subfield>
    <subfield code="e">ABC/IN4456/13.12.2014/168/08.12.2014/30.12.2014</subfield>
    <subfield code="g">649.00</subfield>
    <subfield code="l">0</subfield>
    <subfield code="o">006.78 BEG</subfield>
    <subfield code="p">B-584753</subfield>
    <subfield code="r">2015-03-11 00:00:00</subfield>
    <subfield code="t">1</subfield>
    <subfield code="v">649.00</subfield>
    <subfield code="y">EN</subfield>
  </datafield>
  <datafield tag="952" ind1=" " ind2=" ">
    <subfield code="0">0</subfield>
    <subfield code="1">0</subfield>
    <subfield code="4">0</subfield>
    <subfield code="7">0</subfield>
    <subfield code="8">NFIC</subfield>
    <subfield code="a">BN</subfield>
    <subfield code="b">BN</subfield>
    <subfield code="d">2015-03-11</subfield>
    <subfield code="e">ABC/IN4456/13.12.2014/168/08.12.2014/30.12.2014</subfield>
    <subfield code="g">649.00</subfield>
    <subfield code="l">1</subfield>
    <subfield code="o">006.78 BEG</subfield>
    <subfield code="p">B-584754</subfield>
    <subfield code="r">2022-08-13 00:00:00</subfield>
    <subfield code="s">2022-08-01</subfield>
    <subfield code="t">1</subfield>
    <subfield code="v">649.00</subfield>
    <subfield code="y">EN</subfield>
  </datafield>
  <datafield tag="952" ind1=" " ind2=" ">
    <subfield code="0">0</subfield>
    <subfield code="1">5</subfield>
    <subfield code="4">0</subfield>
    <subfield code="7">0</subfield>
    <subfield code="8">NFIC</subfield>
    <subfield code="a">BL4</subfield>
    <subfield code="b">BL4</subfield>
    <subfield code="d">2015-03-11</subfield>
    <subfield code="e">ABC/IN4456/13.12.2014/168/08.12.2014/30.12.2014</subfield>
    <subfield code="g">649.00</subfield>
    <subfield code="l">0</subfield>
    <subfield code="o">006.78 BEG</subfield>
    <subfield code="p">B-584755</subfield>
    <subfield code="r">2015-03-11 00:00:00</subfield>
    <subfield code="t">1</subfield>
    <subfield code="v">649.00</subfield>
    <subfield code="y">EN</subfield>
  </datafield>
  <datafield tag="952" ind1=" " ind2=" ">
    <subfield code="0">0</subfield>
    <subfield code="1">0</subfield>
    <subfield code="4">0</subfield>
    <subfield code="7">0</subfield>
    <subfield code="8">NFIC</subfield>
    <subfield code="a">YV</subfield>
    <subfield code="b">YV</subfield>
    <subfield code="d">2015-03-11</subfield>
    <subfield code="e">ABC/IN4456/13.12.2014/168/08.12.2014/30.12.2014</subfield>
    <subfield code="g">649.00</subfield>
    <subfield code="l">20</subfield>
    <subfield code="m">26</subfield>
    <subfield code="o">006.78 BEG</subfield>
    <subfield code="p">B-584756</subfield>
    <subfield code="q">2026-06-13</subfield>
    <subfield code="r">2026-05-30 14:14:44</subfield>
    <subfield code="s">2026-05-30</subfield>
    <subfield code="t">1</subfield>
    <subfield code="v">649.00</subfield>
    <subfield code="y">EN</subfield>
  </datafield>
</record>
